| 000 | 00867cam a2200277 a 4500 | ||
|---|---|---|---|
| 001 | 3527981 | ||
| 005 | 20171220044840.0 | ||
| 008 | 961101s1997 nyua bf 001 0 eng d | ||
| 010 | _a 96070376 | ||
| 020 | _a0312150237 | ||
| 035 | _a(OCoLC)36312031 | ||
| 040 |
_aDeU _cDeU _dDLC |
||
| 041 | _aeng | ||
| 042 | _alccopycat | ||
| 080 | _a025.04 HAR | ||
| 082 | 0 | 0 |
_a025.04 HAR _221 |
| 100 | 1 | _a46 | |
| 101 | _aEDU | ||
| 245 | 1 | 0 |
_aOnline! : _cAndrew Harnack, Eugene Kleppinger. |
| 246 | 3 | 0 | _aReference guide to using Internet sources |
| 504 | _aIncludes bibliographical references and index. | ||
| 906 |
_a7 _bcbc _ccopycat _d2 _eopcn _f19 _gy-gencatlg |
||
| 942 |
_2ddc _cBK |
||
| 999 |
_c39213 _d39213 |
||